000 00472nam a2200169Ia 4500
999 _c5398
_d5398
003 OSt
005 20200127130213.0
008 190216s9999||||xx |||||||||||||| ||und||
040 _coclc
082 _a657.45
_bSAX/P
100 _aSaxena, R G
_91295
245 0 _aPrinciples Of Auditing /
_cR G Saxena
250 _a3rd ed.
260 _bHimalaya Publishing House,
_c1984.
_aMumbai:
300 _a499p
942 _cBK
_2ddc
_h657.45
_iSAX/P
_k657.45
_mX/P